| 000 | 00800cam a22002654a 4500 | ||
|---|---|---|---|
| 001 | 16476680 | ||
| 005 | 20201128021047.0 | ||
| 008 | 140429t2011 xxua fr 001 0 eng d | ||
| 010 | _a2010485285 | ||
| 020 | _a9780323068079 (pbk.) | ||
| 040 |
_aDNLM/ DLC _cDLC _dDLC |
||
| 082 | 0 | 0 |
_a611.91 _222 _bLIE |
| 100 | 1 |
_aLiebgott, Bernard _935938 |
|
| 245 | 1 | 4 |
_aThe anatomical basis of dentistry / _cBernard Liebgott. |
| 250 | _a3rd ed. | ||
| 260 |
_aMaryland Heights, United States : _bMosby Elsevier, _cc.2011. |
||
| 300 |
_axii, 510 p. : _bill. (col.) ; _c28 cm. |
||
| 500 | _aIndex : p. 491-510. | ||
| 650 | 0 |
_aHead _xAnatomy _930231 |
|
| 650 | 0 |
_aNeck _xAnatomy _930232 |
|
| 650 | 0 |
_aHuman anatomy _92704 |
|
| 653 |
_bDDent _cApril2014 |
||
| 655 |
_vtext book _933728 |
||
| 942 |
_2ddc _k611.91 LIE |
||
| 999 |
_c18240 _d18212 |
||